000 02188nam0a2200385 4500
001 RU\NLR\bibl\1810491
005 20250616153452.0
010 _a978-5-7695-7145-9
_91000
_bв пер.
021 _aRU
_b2011-63192
_94433
035 _a(nilc)RSL-KNO-004991317
035 _a(NLR Aleph) 001801110
090 _a1793049
_c1793049
100 _a20110816d2011 |||y0rusy50 ca
101 0 _arus
102 _aRU
105 _aa zzzz|||||
200 1 _aПроизводственное обучение коммерсантов
_eобразовательная технология "Учебная мини-фирма"
_eучебное пособие для использования в учебном процессе образовательных учреждений, реализующих программы начального профессионального образования по профессии "Коммерсант в торговле"
_fН. В. Мюллер, Т. В. Зайцева, О. П. Ямпольская
210 _aМосква
_cАкадемия
_d2011
215 _a317, [1] с.
_cил., табл.
_d22
_e1 электрон. опт. диск (CD-ROM)
225 1 _aНачальное профессиональное образование
225 1 _aУчебное пособие
320 _aБиблиогр.: с. 313-315
606 1 _aТорговые предприятия
_jУчебные издания для начального профессионального образования
_xКадры
_xПодготовка
_91786755
_3RU\NLR\auth\661097922
686 _aУ9(2)421.0я722-1
_2rubbk
686 _aУ42(2)-640-963я722
700 1 _aМюллер
_bН. В.
_gНаталья Владимировна
_4070
701 1 _4070
_7ca
_8rus
_aЗайцева
_bТ. В.
_cканд. экон. наук
_gТатьяна Владимировна
_968495
_3RU\NLR\auth\7785567
701 1 _aЯмпольская
_bО. П.
_gОльга Петровна
_4070
801 0 _aRU
_bRuMoRKP
_c20110816
_grcr
801 1 _aRU
_bRuMoRGB
_c20110816
801 2 _aRU
_bNLR
_c20110919
_grcr
942 _cBOOK
980 _aNB
980 _aNBR